Communes de Genève - Héraldique - Statistiques

Statistiques générales
  • Ce quiz a été pris 8 fois
  • Le résultat moyen est 6 sur 45
Statistiques - réponses
Hint Réponse % Correct
D'azur au pont supportant deux tours crénelées, le tout d'argent, surmonté d'une fleur de lis d'or.
Aire-la-Ville
Aire-la-Ville
67%
De gueules au léopard d'argent couché sur une terrasse de sinople au pied d'un arbre au naturel.
Carouge
Carouge
67%
Palé d’argent et de gueules de huit pièces, à la bordure componée de sable et d’or.
Anières
Anières
33%
D'or à la bande échiquetée de duex tires d'argent et de gueules.
Avusy
Avusy
33%
D'or à trois aiglettes de sable, armées, becquées et lampassées de gueules.
Bellevue
Bellevue
33%
D'or à la montagne de sinople sommée d'une flamme de gueules, au chef de sable chargé de trois grappes de raisin d'or.
Bernex
Bernex
33%
D'azur à la croix d'argent chargée de cinq coquilles de gueule.
Céligny
Céligny
33%
D'azur à trois fleurs de lis de jardin d'argent.
Chancy
Chancy
33%
De sable à la croix d'or.
Confignon
Confignon
33%
D'azur à la fasce ondée d'argent, accompagnée de trois tours crénelées d'or, maçonnées de sable et ouvertes du champ.
Dardagny
Dardagny
33%
Parti, au 1 d'or, à la demi-aigle éployée de sable, mouvant du trait du parti, couronnée, becquée, languée, membrée et armée de gueules ; au 2 de gueules, à la clef d'or en pal, contournée.
Genève
Genève
33%
D'or à la fasce de gueules chargée d'une coquille d'argent et accompagnée de trois glands de sinople.
Presinge
Presinge
33%
De gueules à la clef à double panneton d'argent, accostée d'un croissant d'or à dextre et d'un soleil figuré du même à senestre.
Satigny
Satigny
33%
D'azur à la croix engrêlée d'argent cantonnée de quatre feuilles de chêne d'or.
Thônex
Thônex
33%
D'azur au château fascé de trois ceintures en relief de pierres non équarries et sommé de trois tours crénelées, celle du milieu carrée et plus élevée, les deux autres rondes, le tout d'argent.
Troinex
Troinex
33%
D'or à quatre points équipollés d'azur, au chef d'azur chargé d'une fasce crénelée d'or.
Avully
Avully
0%
De gueules à la croix de Malte d'argent.
Bardonnex
Bardonnex
0%
D'or à la croix de sable chargée de cinq coquilles d'argent.
Cartigny
Cartigny
0%
D'argent au chêne au naturel.
Chêne-Bougeries
Chêne-Bougeries
0%
De gueules semé de feuilles de chêne d'argent, à la branche de chêne de trois feuilles englantées de trois glands de sinople brochant sur le tout.
Chêne-Bourg
Chêne-Bourg
0%
De gueules au griffon d'or.
Choulex
Choulex
0%
De gueules au guerrier casqué et cuirassé d'argent, couronné de trois plumes d'or, brandissant dans la dextre un épée de même en fasce, sur un cheval galopant d'argent, harnaché de sable et couronné de trois plumes d'autruche d'or.
Collex-Bossy
Collex-Bossy
0%
De gueules à la bande d'or chargée de trois trèfles de sinople.

Collonge-Bellerive
Collonge-Bellerive
0%
D'azur à la colonne d'argent, le fût chargé de la date 1814 de sable, posée sur une champagne d'argent.
Cologny
Cologny
0%
Palé d'argent et de gueules de huit pièces, au chef de sable chargé d'une croix d'or.
Corsier
Corsier
0%
De gueules au sautoir engrêlé d’or.
Genthod
Genthod
0%
D'azur à la gerbe d'or.
Gy
Gy
0%
De gueules à trois pals d'or chargés de dix billettes d'azur, 3, 4 et 3.
Hermance
Hermance
0%
De gueules, au château à deux tours crénelées, posé en chef, accompagné en pointe de deux tours rangées en fasce, le tout d'or, maçonné, ouvert et ajouré de sable.
Jussy
Jussy
0%
D’or au lion de sable armé et lampassé de gueules.
Laconnex
Laconnex
0%
Coupé de sinople à deux étoiles d'or rangées en bande entre deux cotices du même, et de gueules à deux clefs d'or en sautoir.
Lancy
Lancy
0%
Coupé d’argent au lion issant de gueules armé et lampassé d’or, et de sable à trois étoiles d’argent.
Le Grand-Saconnex
Le Grand-Saconnex
0%
D'azur à la tour crénelée d'or ouverte du même, maçonnée et ajourée de sable, accompagnée au canton dextre du chef d'une étoile à six rais d'or et en pointe d'une champagne fascée-ondée d'argent et de sinople de quatre pièces.
Meinier
Meinier
0%
Parti, au 1 de sinople, à l'épée haute d'or accostée en coeur de deux croissants adossés d'argent, au 2 de gueules à la bande d'argent et accompagnée de deux cotices de même.
Meyrin
Meyrin
0%
De gueules à deux fasces ondées d'argent, celle en chef diminuée, à l'aulne arraché au naturel, brochant sur le tout.
Onex
Onex
0%
D'or à trois pals d'azur, au chef de gueules chargé de trois épis de blé d'or.
Perly-Certhoux
Perly-Certhoux
0%
Coupé d'azur à la croix de Malte d'or, et d'or à l'épée haute de gueules.
Plan-les-Ouates
Plan-les-Ouates
0%
Écartelé en sautoir ondé d'azur et d'or.
Pregny-Chambésy
Pregny-Chambésy
0%
D'azur à deux fasces ondées d'argent, au pal d'or brochant sur le tout.
Puplinge
Puplinge
0%
D'argent à trois pals de sable, au chevron d'argent brochant sur le tout.
Russin
Russin
0%
De gueules au lion d'or, armé et lampassé d'azur.
Soral
Soral
0%
Coupé de gueules et de sinople à la coquille d'or brochante.
Vandœuvres
Vandœuvres
0%
Coupé de sinople à la roue de moulin d'or, et de gueules à la truite au naturel; une fasce ondée d'argent brochant sur le tout.
Vernier
Vernier
0%
D’azur à la croix d’argent, les 1er et 2e cantons chargés de trois faces ondées de même.
Versoix
Versoix
0%
De sinople à deux bandes d'or, au chef du même chargé d'une aigle de sable.
Veyrier
Veyrier
0%
Aucun quiz correspondant
Distribution des résultats
% des personnes avec chaque résultat
Percentile par nombre de réponses
Votre historique - résultats
Vous n’avez pas pris ce quiz